000 00538nam a2200193Ia 4500
003 OSt
005 20200707124856.0
008 190216s9999||||xx |||||||||||||| ||und||
020 _a0876921837
040 _coclc
082 _a950
_bCLY/F
100 _aClyde, Paul H
_93610
245 4 _aThe Far East /
_cPaul H Clyde ; Burton F Beers
250 _a6th Ed.
260 _bPrentice Hall Of India Pvt Ltd,
_c1988.
_aNew Delhi:
300 _a545p
650 _aHistory
942 _cBK
_2ddc
_h950
_iCLY/F
_k950
_mCLY/F
999 _c20104
_d20104